Thiết kế bài giảng giáo dục công dân trung học cơ sở 9
Nội dung sách bám sát sách giáo khoa Giáo dục công dân 9, theo chương trình Trung học cơ sở gồm 18 bài. Ở mỗi tiết đều chỉ rỏ mục tiêu về kiến thức, kĩ năng, thái độ, các công việc cần chuẩn bị của giáo viên và học sinh, các phương tiện...
Gespeichert in:
| 1. Verfasser: | |
|---|---|
| Format: | Buch |
| Sprache: | Undetermined |
| Veröffentlicht: |
Hà Nội
Nhà xuất bản Hà Nội
2005
|
| Schlagworte: | |
| Tags: |
Tag hinzufügen
Keine Tags, Fügen Sie den ersten Tag hinzu!
|
| Thư viện lưu trữ: | Trung tâm Học liệu Trường Đại học Cần Thơ |
|---|
| LEADER | 01149nam a2200217Ia 4500 | ||
|---|---|---|---|
| 001 | CTU_120214 | ||
| 008 | 210402s9999 xx 000 0 und d | ||
| 020 | |c 22000 | ||
| 082 | |a 370.7 | ||
| 082 | |b D305 | ||
| 100 | |a Hồ, Thanh Diện | ||
| 245 | 0 | |a Thiết kế bài giảng giáo dục công dân trung học cơ sở 9 | |
| 245 | 0 | |c Hồ Thanh Diện (Chủ biên) | |
| 260 | |a Hà Nội | ||
| 260 | |b Nhà xuất bản Hà Nội | ||
| 260 | |c 2005 | ||
| 520 | |a Nội dung sách bám sát sách giáo khoa Giáo dục công dân 9, theo chương trình Trung học cơ sở gồm 18 bài. Ở mỗi tiết đều chỉ rỏ mục tiêu về kiến thức, kĩ năng, thái độ, các công việc cần chuẩn bị của giáo viên và học sinh, các phương tiện trợ giảng cần thiết, dễ làm, nhằm đảm bảo chất lượng từng bài, từng tiết lên lớp. | ||
| 650 | |a Education | ||
| 650 | |x Study and teaching | ||
| 904 | |i Hiếu | ||
| 980 | |a Trung tâm Học liệu Trường Đại học Cần Thơ | ||